000
00281nam a22001217a 4500
020
_a
9789381348079
082
_a
628.43
_b
MOH/WA
100
_a
Mohan Rao,K.V.J
_9
696
245
_a
Water Treatment
260
_a
New Delhi
_b
Vayu Education of India
_c
2011
300
_a
258
942
_c
BK
999
_c
14429
_d
14429